Pajaritos populares : (Registro nro. 232)
[ vista simple ]
| 000 -LEADER | |
|---|---|
| fixed length control field | 01669nam a22001817a 4500 |
| 003 - CONTROL NUMBER IDENTIFIER | |
| control field | OSt |
| 005 - DATE AND TIME OF LATEST TRANSACTION | |
| control field | 20240508104017.0 |
| 008 - FIXED-LENGTH DATA ELEMENTS--GENERAL INFORMATION | |
| fixed length control field | 240409s2020 ag ||||| |||| 00| p spa d |
| 020 ## - INTERNATIONAL STANDARD BOOK NUMBER | |
| International Standard Book Number | 9789877710571 |
| 040 ## - CATALOGING SOURCE | |
| Transcribing agency | besoc |
| 100 1# - MAIN ENTRY--PERSONAL NAME | |
| Personal name | Acosta, Raúl |
| Dates associated with a name | 1944- |
| Relator term | autor |
| 245 10 - TITLE STATEMENT | |
| Title | Pajaritos populares : |
| Remainder of title | Poemas del Bigote / |
| Statement of responsibility, etc. | Bigote Acosta |
| 260 ## - PUBLICATION, DISTRIBUTION, ETC. | |
| Place of publication, distribution, etc. | Santa Fe : |
| Name of publisher, distributor, etc. | [s. n], |
| Date of publication, distribution, etc. | 2020 |
| 300 ## - PHYSICAL DESCRIPTION | |
| Extent | 58 p. |
| 520 ## - SUMMARY, ETC. | |
| Summary, etc. | "Cuando un poeta nombra a los pájaros, el que vuela es él. Y desde arriba, libre, comparte su vuelo y nos lleva, como en un sueño, al mundo ideal. En un suspiro nos dirá que había primaveras sin nosotros, pero que todas son nuestras. Qué hay perfumes que se quedan, para siempre. Que el amor es sonrisa y llanto, es eterno y sin vueltas y en el lecho, los amantes tienen un horizonte diferente. El poeta es sólo eso. Vive en poesía y elegirá su idioma, invariablemente, hasta para decir lo insignificante. Nombrar una flor o una caricia, al silencio y a las penas, a la rutina y las cicatrices, al cabo a la vida, prueba que en los poemas no hay mentiras y que la belleza está en las palabras. El Bigote es un testigo fiel de los gestos de una generación de buscadores de belleza, de sus vivencias, sus verdades y mentiras. Conmueve, sacude, se pierde en un cabello, para volver en una multitud y después en un recuerdo, o en la esperanza. Raúl Emilio Acosta, de profesión poeta, desnuda su alma aquí, para que la comparemos con la nuestra, que es igual. Vamos a volar con él, subidos a la aventura del artista, para escapar hacia adelante, sin red.". [Nota del editor] |
| 650 #4 - SUBJECT ADDED ENTRY--TOPICAL TERM | |
| Topical term or geographic name entry element | Literatura argentina |
| Form subdivision | Poesía |
| Chronological subdivision | Siglo XXI |
| 942 ## - ADDED ENTRY ELEMENTS (KOHA) | |
| Source of classification or shelving scheme | Universal Decimal Classification |
| Koha item type | Obra General |
| Suppress in OPAC | No |
| Withdrawn status | Lost status | Source of classification or shelving scheme | Damaged status | Not for loan | Collection | Home library | Current library | Date acquired | Total checkouts | Full call number | Barcode | Date last seen | Price effective from | Koha item type |
|---|---|---|---|---|---|---|---|---|---|---|---|---|---|---|
| Universal Decimal Classification | Colección General | Biblioteca Escuela de Ciencias Sociales | Biblioteca Escuela de Ciencias Sociales | 08/05/2024 | 82-1(821.6) AC185 | 000130 | 08/05/2024 | 08/05/2024 | Obra General |